LEADER 03843 am 22006733u 450 001 9910359559603321 005 20190328224508.0 010 $a1-134-26295-7 010 $a1-134-26296-5 010 $a1-280-56382-6 010 $a9786610563821 010 $a0-203-69886-X 024 7 $a10.4324/9780203698860 035 $a(CKB)1000000000359731 035 $a(EBL)274434 035 $a(OCoLC)476019027 035 $a(SSID)ssj0000123092 035 $a(PQKBManifestationID)11143340 035 $a(PQKBTitleCode)TC0000123092 035 $a(PQKBWorkID)10132384 035 $a(PQKB)11383399 035 $a(MiAaPQ)EBC274434 035 $a(OCoLC)77526194 035 $a(EXLCZ)991000000000359731 100 $a20180331d2006 uy 0 101 0 $aeng 135 $aur|n|---||||| 181 $ctxt 182 $cc 183 $acr 200 00$aClassical trade protectionism 1815-1914 /$fedited by Jean-Pierre Dormois and Pedro Lains 210 1$aMilton Park, Abingdon, Oxon ;$aNew York :$cRoutledge,$d2006. 215 $a1 online resource (380 p.) 225 1 $aRoutledge explorations in economic history ;$v32 300 $aDescription based upon print version of record. 311 $a0-415-49354-4 311 $a0-415-35226-6 320 $aIncludes bibliographical references (p. [341]-362) and index. 327 $aBook Cover; Half-Title; Series-Title; Title; Copyright; Contents; Introduction; 1. The myth of free-trade Britain and fortress France: Tariffs and trade in the nineteenth century; 2. Free trade and protection in nineteenth-century Britain and France revisited: A comment on Nye; 3. Protectionism is "special": Reply to Irwin on free trade; 4. Measuring protection: A cautionary tale; 5. Measuring protection in the early twentieth century; 6. Assessing the protectionist intensity of tariffs in nineteenth-century European trade policy; 7. Tariffs and growth in the late nineteenth century 327 $a8. Interpreting the tariff-growth correlation of the late nineteenth century9. The impact of late-nineteenth-century tariffs on the productivity of European industries (1870-1930); 10. Protection and Italian economic development: Much ado about nothing; 11. From virtual free-trade to virtual protectionism: Or, did protectionism have any part in Germany's rise to commercial power 1850-1913; 12. Protectionism and Portuguese industrialisation; 13. Spanish protectionism during the Restauracio?n, 1875-1930; 14. The role of open economy forces in Portugal and the Balkans, 1870-1913 327 $a15. A model of later-nineteenth-century European economic developmentReferences; Index 330 $aIncluding contributions from such figures as Douglas Irwin, James Foreman-Peck, Kevin O'Rourke and Max-Stefan-Schulze, this key book summarizes the recent empirical research carried out on the issue of the classical period of trade protectionism. It provides a basis for revising widely held views on the standard effects of tariffs on economic structures and progress, as well as a historical perspective on recent developments.Long-held views on modern trade policies have been challenged by the introduction of recent theoretical developments in international economics and in mea 410 0$aRoutledge explorations in economic history ;$v32. 606 $aProtectionism$xHistory 606 $aFree trade$xHistory 608 $aElectronic books. 615 0$aProtectionism$xHistory. 615 0$aFree trade$xHistory. 676 $a382.73094 676 $a382/.7309034 686 $a83.42$2bcl 701 $aDormois$b Jean-Pierre$0932251 701 $aLains$b Pedro$0140375 801 0$bFlBoTFG 801 1$bFlBoTFG 906 $aBOOK 912 $a9910359559603321 996 $aClassical trade protectionism 1815-1914$92118263 997 $aUNINA LEADER 03449nam0 22005173i 450 001 TO01622775 005 20251003044412.0 010 $a9788846487902 073 1$a9788846487902 100 $a20071017d2007 ||||0itac50 ba 101 | $aita 102 $ait 181 1$6z01$ai $bxxxe 182 1$6z01$an 183 1$6z01$anc$2RDAcarrier 200 1 $aˆL'‰imprenditoria femminile in Italia$eil caso emblematico del Piemonte, 1945-2000$fa cura di Adriana Castagnoli 210 $aMilano$cF. Angeli$d2007 215 $a307 p.$d23 cm 225 | $aCollana dell'Istituto di studi storici Gaetano Salvemini di Torino$v20 300 $aIn appendice: Elenco delle imprese e delle imprenditrici del campione 330 $aNelle imprese a struttura familiare le donne sono state protagoniste non formali, ma rilevanti delle attività di tipo imprenditoriale. Per lungo tempo, infatti, esse hanno assolto funzioni fondamentali tanto nella divisione e nell'assegnazione di mansioni di responsabilità, quanto nei meccanismi di finanziamento e di autofinanziamento delle aziende. Esse hanno contribuito così allo sviluppo dell'economia italiana con competenza sfatando molti luoghi comuni e di genere sull'attività imprenditoriale delle donne. Come rivelano le numerose storie raccolte in questo volume, le imprenditrici italiane hanno dimostrato di saper utilizzare risorse, conoscenze e specializzazioni alla testa d'imprese che si sono affermate in settori produttivi diversi - dalla metalmeccanica alla moda, dalla chimica ai servizi, all'agricoltura. Negli ultimi decenni alcune figure e modelli di manager e imprenditrici di successo, nonché le associazioni professionali e d'imprenditoria femminili, hanno dato un apporto determinante all'affermazione di una nuova e moderna identità imprenditoriale delle donne. 410 0$1001CFI0131101$12001 $aCollana dell'Istituto di studi storici Gaetano Salvemini di Torino$v20$171202$aIstituto di studi storici Gaetano Salvemini$c $3CFIV080143 500 11$aˆL'‰imprenditoria femminile in Italia.$3MSE0075034$968420 606 $aImprenditrici$xPiemonte$2FIR$3LO1C953389$9I 606 $aDonne$xImprenditorialità$xPiemonte$x1945-2000$2FIR$3LOWC119605$9N 676 $a338$9PRODUZIONE$v22 676 $a338.04082$9IMPRENDITORIA. DONNE$v20 676 $a338.04082$9IMPRENDITORIA. Donne$v21 686 $aIT/X430.0$cECONOMIA E SOCIETA ITALIA$2R 686 $aIT/X432.0$cINDUSTRIA ITALIA$2R 686 $aIT/X438.3$cCETI IMPRENDITORIALI ITALIA$2R 686 $aIT/X438.7$cDONNE ITALIA$2R 686 $aPIE/X5.3$cECONOMIA E SOCIETA PIEMONTE$2R 696 $aDonne imprenditrici 696 $aDonna 699 $aImprenditrici$yDonne imprenditrici 699 $aDonne$zDonna 702 1$aCastagnoli$b, Adriana$3TO0V009007 801 3$aIT$bIT-000000$c20071017 850 $aIT-BN0095 901 $bNAP 01$cPOZZO LIB.$nVi sono collocati fondi di economia, periodici di ingegneria e scienze, periodici di economia e statistica e altri fondi comprendenti documenti di economia pervenuti in dono. 912 $aTO01622775 950 0$aBiblioteca Centralizzata di Ateneo$c1 v.$d 01POZZO LIB.ECON MON 4806$e 01S 0090020765E VMA 1 v. (Ristampa 2015. - Precedente collocazione: EC S 2 076)$fB $h20200310$i20200310 977 $a 01 996 $aImprenditoria femminile in Italia$968420 997 $aUNISANNIO